000 00849nam a2200205Ia 4500
003 GCL
008 140319s9999 xx 000 0 ara d
040 _aGCL /
_cGCL
082 0 4 _a953
_bا ف
100 1 _aاحمد امين
245 1 0 _aفجر الاسلام :
_bكتاب فى ثلاثة اجزاء يبحث عن الحالة العقلية والسياسية والادبية فى صدر الاسلام الى اخر الدولة الاموية - الجزء الاول فى الحياة العقلية /
_cاحمد امين
260 _aالقاهرة :
_bمكتبة النهضة المصرية ،
_c1987
300 _a307 ص ؛
_c24 سم
650 0 4 _aالجاهلية
650 0 4 _aالعرب قبل الاسلام
650 0 4 _aالتاريخ الاسلامى
650 0 4 _aالعرب
650 0 4 _aالقبائل
942 _2ddc
_cBK
999 _c29975
_d29975